000 00282nam a2200109Ia 4500
008 190914s9999||||xx |||||||||||||| ||und||
100 _aDr.Asrar H.Siddiqui
245 0 _aPractice And Law of Banking In Pakistan
260 _aKarachi
_bRoyal Book
_c2001
300 _a604
942 _cBK
999 _c9931
_d9931